|
|
|
|
| LEADER |
00000nab a2200000 a 4500 |
| 001 |
vtls008875892 |
| 003 |
SK-MaSNL |
| 005 |
20260304145843.0 |
| 008 |
250505c2005 xo 0 slo |
| 015 |
|
|
|a SNBCL2005/5
|
| 035 |
|
|
|a SLK037076
|
| 035 |
|
|
|a urn:nbn:sk:snk-ab6tre
|
| 035 |
|
|
|a (uuid)720acd00-26d0-4e82-bede-af6e1b22e7ca
|
| 035 |
|
|
|a (urnnbn)urn:nbn:sk:snk:ar-a05u6c
|
| 035 |
|
|
|a (sysno)vtls008875892
|
| 040 |
|
|
|a SNKBUCL
|b slo
|c SNKBUCL
|e AACR2
|
| 041 |
0 |
|
|a slo
|
| 044 |
|
|
|a xo
|c SK
|
| 080 |
|
|
|a 616.75-002-07-08:061.3
|2 1981
|
| 100 |
1 |
|
|a Lukáčová, Oľga
|4 aut
|9 9783
|
| 245 |
1 |
0 |
|a Problémy pri diagnostike a liečbe eozinofilnej fascitídy - kazuistika
|c O. Lukáčová, J. Lukáč
|
| 650 |
0 |
7 |
|a fasciitída
|x diagnostika
|2 MESH
|9 1469252
|
| 650 |
0 |
7 |
|a eozinofília
|2 MESH
|9 947582
|
| 650 |
0 |
7 |
|a kazuistika
|2 MESH
|9 19523
|
| 650 |
0 |
7 |
|a abstrakty z kongresu
|2 MESH
|9 168204
|
| 700 |
1 |
|
|a Lukáč, Jozef,
|d 1951-2021
|4 aut
|9 217427
|
| 711 |
1 |
|
|a Zjazd slovenských a českých reumatológov
|n (49. :
|d 2005 :
|c Piešťany, Slovensko)
|4 aut
|9 92538
|
| 773 |
0 |
|
|t Rheumatologia
|g Roč. 19, č. 4 (2005), s. 187
|x 1210-1931
|
| 850 |
|
|
|a Slovenská národná knižnica
|
| 852 |
|
|
|a Slovenská národná knižnica
|
| 954 |
|
|
|a odborná, vedecká literatúra pôvodná (slovenská)
|2 lita
|
| 958 |
|
|
|a article27
|
| 958 |
|
|
|a OND
|
| 958 |
|
|
|a EUIPO
|
| 999 |
|
|
|c 2937169
|d 2939099
|